Personnages de Titeuf par images - Statistiques

Statistiques générales
  • Ce quiz a été pris 121 fois
  • Le résultat moyen est 14 sur 25
Statistiques - réponses
Par images Réponse % Correct
Titeuf
100%
Nadia
97%
Hugo
96%
Manu
95%
Vomito
92%
Jean-Claude
78%
Dumbo
75%
Zizie
75%
François
74%
Roger
61%
Anne-Mathilde
60%
Puduk
56%
La maîtresse
55%
Morvax
52%
Nathalie
48%
Ramatou
46%
Diego
45%
Marco
44%
Thérèse
32%
Ramon
29%
Tata Monique
23%
Maxime
21%
Romuald
20%
Julie
19%
Tim
12%
Aucun quiz correspondant
Distribution des résultats
% des personnes avec chaque résultat
Percentile par nombre de réponses
Votre historique - résultats
Vous n’avez pas pris ce quiz